000 00569nam a2200193Ia 4500
005 20250508164919.0
008 008 250505s9999 xx 000 0 hin d
037 _aDissertations
040 _aFEDL
_beng
_cFEDL
041 _ahin
_2eng
084 _a371.3358, RAI/DI
_qFEDL
100 _aRai Sanjeev Kumar
_9546787
245 0 _aSchool T.V. ki vartaman isthiti : Samassyaye evam samadhan
260 _c1999
300 _a72p.
546 _aM.Ed. Dissertation (Delhi University)
942 _cDIS
_h371.3358, RAI/DI
999 _c1391976
_d1391976